000 00824nas a2200253 4500
001 BR2012004959
003 BR-BrBNA
005 20231205120833.0
007 ta
008 230509b bl.|||p| |||| 00| 00por d
040 _aBR-BrBNA
_bpor
_cBiblioteca Nacional de Agricultura
041 _a(En)
072 _aL60
100 1 _aOddone, M.C.
100 1 _aVelasco, G.
100 1 _aCharvet, P.
245 1 _aRecord of the freshwater stingrays Potamotrygon brachyura and P. motoro (Chondrichthyes, Potamotrygonidae)in the lower Urugauy river, south America
650 _aRAIA DE ÁGUA DOCE
650 _aREGISTRO
650 _aIDENTIFICAÇÃO
773 0 _tActa Amazonica (Brazil)
_xISSN 0044-5967
_g(Jun 2012), v. 42(2) p. 299-304
_wBR2012004959
909 _a202311
_bLúcia
_c55
_dLúcia Elande
942 _2AGRIS
_n0
_cANA
999 _c220577
_d220577